| 000 | 00693nam a22002057a 4500 | ||
|---|---|---|---|
| 999 |
_c18054 _d18054 |
||
| 003 | AR-CdUCM | ||
| 008 | 190511b ||||| |||| 00| 0 spa d | ||
| 040 |
_aMUNICIPALIDAD PROVINCIAL DEL CUSCO _cBIBLIOTECA MUNICIPAL DEL CUSCO |
||
| 082 |
_a869.5682 / _bAR779 |
||
| 100 |
_aArroyo Posadas, Moisés _932621 |
||
| 245 |
_aJosé María Arguedas : _bEtapas de su vida / |
||
| 260 |
_aLima : _c1972. |
||
| 300 |
_a28 páginas ; _c22 cm. |
||
| 505 | _aContenido : Etapas de su vida -- Procedencia y destino de Jose Maria Arguedas -- Canto quechua. | ||
| 650 |
_aPoesia Peruana _9280 |
||
| 650 |
_aBiografía _946949 |
||
| 650 |
_aPoesía indígena _929042 |
||
| 942 |
_2ddc _cLIBROS |
||
| 945 | _arcc | ||